000 00660nam a22001937a 4500
005 20230725145151.0
040 _curs
050 _aT 385 A53 2003
100 _95424
_aAndes, Antonio, Sr.
_eauthor
245 _aSimple PowerPoint
_bfully illustrated
_cAntonio Andes Sr. and Antonio Andes Jr.
260 _aValenzuela City
_bWorld Class Printing and Packaging
_c2003
336 _2rdacontent
_atext
_btxt
337 _2rdamedia
_aunmediated
_bn
338 _2rdacarrier
_avolume
_bnc
650 0 _95427
_aMicrosoft PowerPoint (Computer file)
650 0 _95430
_aPresentation graphics software
700 _aAndes Jr., Antonio M.,
_eauthor.
_95431
942 _2lcc
_cF
999 _c69582
_d69581